00400pab a2200145 454500008004000000100001800040245008000058260000900138300001200147362000900159650002800168650002200196650001400218773002200232180718b1996 xxu||||| |||| 00| 0 eng d aHickman, John aConstituency size and electoral competition in Japanese municipal elections c1996 ap.73-89 aJuly aLocal elections - Japan aElections - Japan aElections aPolitical Science